हेमांगी (Record no. 384877)

MARC details
000 -LEADER
fixed length control field 00375nam a2200145Ia 4500
008 - FIXED-LENGTH DATA ELEMENTS--GENERAL INFORMATION
fixed length control field 100122s9999 xx 000 0 und d
082 ## - DEWEY DECIMAL CLASSIFICATION NUMBER
Item number 11358
Classification number 50
245 ## - TITLE STATEMENT
Title हेमांगी
300 ## - PHYSICAL DESCRIPTION
Extent 175
520 ## - SUMMARY, ETC.
Summary, etc दिवाळी - 2003
620 ## -
-- दिवाळी - 2003
630 ## - SUBJECT ADDED ENTRY--UNIFORM TITLE
Uniform title हेमांगी
730 ## - ADDED ENTRY--UNIFORM TITLE
Uniform title हेमांगी
942 ## - ADDED ENTRY ELEMENTS (KOHA)
Koha item type Book
Holdings
Withdrawn status Lost status Damaged status Not for loan Home library Current library Date acquired Cost, normal purchase price Total Checkouts Full call number Barcode Date last seen Cost, replacement price Price effective from Koha item type Public note
        S.V. Pathak Library, Vile Parle S.V. Pathak Library, Vile Parle 02/26/2004 60.00   11358 SVPPARLE-11358 01/25/2010 60.00 01/25/2010 Book "7)रद्द, , , Cancelled"